[Event "Gashimov Memorial 5th"]
[Site "Shamkir"]
[Date "2018.04.26"]
[Round "7"]
[White "Carlsen, Magnus"]
[Black "Topalov, Veselin"]
[Result "1-0"]
[WhiteElo "2843"]
[BlackElo "2749"]
[Annotator "Marin,M"]
[PlyCount "111"]
[EventDate "2018.04.19"]
[EventType "tourn"]
[EventRounds "9"]
[EventCountry "AZE"]
[EventCategory "21"]
[SourceTitle "CBM 184"]
[Source "ChessBase"]
[SourceDate "2018.05.16"]
[SourceVersion "1"]
[SourceVersionDate "2018.05.16"]
[SourceQuality "1"]

1. c4 Nf6 2. Nc3 e5 3. Nf3 Nc6 4. e3 $5 ({In the remote past this was a
reasonably frequent alternative to the absolute main line} 4. g3 {but then it
almost disappeared for a long while. Nowadays there seems to be some interest
in it again.}) 4... Bb4 5. Qc2 Bxc3 {This apparent concession, exchanging the
bishop before White attacks it, is considered Black's safest way of "drying
up" the position and depriving White of any chance for an initiative. The
point is that WHite has to either expose his queen or somewhat spoil his
structure.} (5... O-O {leads to more lively play as for instance:} 6. Nd5 Re8
7. Qf5 d6 8. Nxf6+ Qxf6 9. Qxf6 gxf6 {Grischuk,A (2785)-Giri,A (2737)
Elancourt 2013 CBM 157 [ChessBase Website] (1-0, 34)}) 6. bxc3 $5 {
Strategically this is the most consistent. White strengthens his centre aiming
at placing his pawns on d3 and e4. This would be fine in the 4.g3 systems, but
here White has committed his queen very early and needs to waste a tempo with
e3-e4.} (6. Qxc3 Qe7 7. Be2 d5 8. cxd5 Nxd5 9. Qb3 Nb6 10. d3 Bg4 11. Bd2 O-O-O
12. Rc1 f5 {Oleksienko,M (2615)-Navara,D (2726) Germany 2018 (0-1, 52), with
active play for Black.}) 6... d6 (6... O-O {may lead to a transposition but in
the following game White reserved a different fate for his bishop than Carlsen:
} 7. d3 d6 8. Be2 Re8 9. e4 {Aronian,L (2799)-Matlakov,M (2728) Tbilisi 2017
CBM 181 [Mekhitarian,K] (1-0, 40)}) 7. e4 O-O 8. g3 $5 {Strategically the most
ambitious plan, but due to the two wasted tempi (Qc2 and e3-e4) completely
inoffensive.} Ne8 $5 $146 {The knight is temporarily passive on e8 but keeping
the bishop's diagonal open ensures the carrying out of the thematic break ...
f7-f5.} (8... Nd7 9. Bg2 Nc5 {looks a bit more harmoniousd, though.} 10. Nh4 (
10. O-O f5 $15) (10. d4 exd4 11. cxd4 Bg4 $5 $15 12. dxc5 $6 Bxf3 13. Bxf3 Qf6
$17) 10... a6 ({Preparing to undermine the centre with ...b7-b5. The same
manoeuvre as in the game} 10... Ne7 {does not work due to} 11. d4 $14 {and
Black can complain about not having placed the knight safely on e8.}) 11. O-O (
11. a4 Na5 12. d3 Nab3 $11) 11... b5 12. d4 exd4 13. cxd4 Nxd4 14. Qd2 Nc6 15.
e5 Bb7 16. exd6 Qxd6 17. Qxd6 cxd6 18. Nf5 {½-½ Khairullin,I (2662)-Svidler,
P (2739) Chita 2015 CBM 168 [Sagar Shah]} Ne5 $11) 9. Nh4 Ne7 10. d3 ({
Queenside queen activity is premature with incomplete kingside development. I
was watching the following game from the next board and was surprised by the
superficiality of such a great English expert like Suba:} 10. Qb3 Rb8 (10... f5
$5) 11. d4 c5 12. dxc5 dxc5 13. Qa3 b6 14. Qxa7 Bb7 $17 {Suba,M (2535)-Komarov,
D (2580) Sovata 1998 EXT 1999 [Bulletin] (½-½, 40)}) 10... f5 11. exf5 Nxf5
12. Nxf5 Bxf5 {It goes without saying that Black has solved all his opening
problems.} 13. Bg2 c6 {Preparing to re-activate the knight.} 14. h3 Nc7 15. O-O
Ne6 $11 {If on the white side there were any other player, we could say
Black's position is comfortable and safe. But this is never the case when you
face Carlsen. And to do justice to Topalov, he is also in permanent search for
ways to complicate the fight.} 16. Be3 Nc5 {This is already a sign that
something may change in the position soon, in view of the possible exchange on
c5. But since White planned Rad1-d2, Qd1 and d3-d4, Black should activate his
knight before it is too late.} 17. Rad1 (17. Bxc5 {is slightly premature as
WHite is not too well prepared to defend the d3-pawn:} dxc5 18. Rad1 Qd7 19.
Kh2 Rad8 20. Qc1 Qe6 21. Qe3 Qg6 $11) 17... Qd7 18. Kh2 Bg6 $6 {A somewhat
inconsistent move, losing a tempo and disabling the regrouping with ...Qg6.} (
18... Rad8 19. Rd2 Rfe8 {would have kept the rhythm of development.}) ({
But also} 18... b6 {was good, with possible transposition to the game.}) 19.
Rd2 ({White could have tried using the tempo offered by Black with} 19. Bxc5 $5
dxc5 20. Rfe1 Rfe8 (20... Rae8 21. Re3 $14) 21. Re3 Rad8 22. Qe2 $14 {and
White is better regrouped, to take advantage of the opponent's weaknesses.})
19... Rae8 20. Qd1 b6 $1 $11 {Topalov consolidates his knight, but later he
will not make use of the main virtues of his last move.} 21. Re1 (21. Bxc5 bxc5
22. d4 cxd4 23. cxd4 e4 $13) 21... h6 22. Bxc5 {It is hard to say whether
Carlsen still hoped to obtain an advantage when playing this. In principle he
would have liked to carryi out d3-d4 but this is not easy to achieve under
favourable circumstances:} (22. d4 Ne4 $11) (22. f3 Nb7 $1 {Carlsen} (22... Ne6
23. d4 exd4 24. cxd4 d5 25. cxd5 Qxd5 {Topalov} 26. f4 Be4 27. Bxe4 Qxe4 28. d5
$16) 23. d4 $6 Na5 $15) 22... dxc5 $6 ({And it is even harder to say why did
Topalov weaken his centre when he had the simple and good} 22... bxc5 $11 {
at his disposal.}) 23. Re3 $14 {We now get a similar position as in some lines
above. The d3-pawn is much more solidly defended than the e5-pawn and c6 is
also hanging sometimes.} Re6 24. Kg1 $5 {A typical mysterious Carlsen move. He
probably wanted to keep f2 overdefended should his rooks get busy winning the
e5-pawn.} ({But} 24. h4 $5 $14 {may be a bit more to the point.}) 24... Rd6 25.
h4 Rd8 $6 {Another curious decision. It looks as if Topalov had lost his
patience. Or maybe he simply blundered something in the ensuing tactical line.}
(25... Re8 {completes the regrouping in a better way, by defending e5.}) {
But even after the last small inaccuracy Black remains close to equality.} 26.
Rxe5 Bxd3 (26... Rxd3 $2 {runs into} 27. Bd5+ $1 cxd5 28. Rxd3 ({or} 28. Rxd5 {
Topalov}) 28... Bxd3 29. Rxd5 $16 {Carlsen.}) 27. Be4 Bxc4 $2 {Along his
career Topalov probably sacrificed more exchanges and queens than any of his
contemporaries. But in this case the last move puts him on the verge of defeat.
} ({Ljubojevic suggested} 27... Bc2 {but Black loses a pawn without
compensation:} 28. Rxd6 Bxd1 29. Rxd7 Rxd7 30. Bxc6) ({Carlsen was mainly
worried about his chances for an advantage after} 27... Kf8 $1 {, defending e8
and avoiding any combination based on Re8+. Topalov considered this move but
"did not dare playing it" True, White could win a pawn with} 28. Qf3+ Kg8 (
28... Rf6 $2 29. Qe3 Rd6 30. Rxd3 Rxd3 31. Bxd3 Qxd3 32. Re8+ $1 $18) 29. Bxc6
Qxc6 30. Qxc6 Rxc6 31. Rd5 $1 {Not an easy move to find in advance.} Rxd5 32.
cxd5 Rd6 33. Rxd3 {But after} b5 $14 {Black is in no real danger of losing.})
28. Rxd6 Qxd6 29. Re8+ $1 Rxe8 30. Qxd6 Rxe4 31. Qxc6 Re1+ 32. Kh2 Bxa2 {
Material is about equal but the black king is vulnerable and his pieces are
not coordinated, making them comfortable targets for the queen.} 33. g4 {
White's best plan is weakening the enemy king, of course.} Kh7 34. f4 $18 h5 {
Logical but insufficient.} 35. f5 $6 {This weakens the f-pawn and offers Black
saving chances.} (35. Qd7 $1 {[%csl Ra2,Re1][%cal Gd7d2] would have more or
less won:} Bc4 (35... Re2+ 36. Kg3 {[%cal Gd7d3] does not change anything.})
36. Qf5+ g6 37. Qd7+ Kg8 38. gxh5 gxh5 39. Qxa7 $18 {The combined attack of
the queen, king and f-pawn wins easily.}) 35... hxg4 36. h5 (36. Qg6+ Kh8 37.
f6 g3+ ({During the post mortem} 37... gxf6 {was also considered satiosfactory
but probably both players overlooked that after} 38. Qxf6+ Kh7 {White wins a
piece with} 39. Qf2 $1 Ra1 40. Qb2 $18) 38. Qxg3 Re2+ 39. Kg1 gxf6 {with
reasonable drawing chances.}) (36. Qb7 $5 {[%cal Gf5f6]} Kh8 37. Qxa7 Bb1 38.
Qxb6 Bxf5 39. Qxc5 $18) 36... Bf7 37. Qb7 Kg8 $14 {Black has partly stabilised
and has two targets on f5 and h5.} 38. Qxa7 (38. f6 {is parried with} Re6)
38... Bxh5 $2 {This exposes the bishop in one of the lines below, once again
turning the position into critical for Black.} (38... Rf1 $14 {or}) (38... Re3
$14 {[%cal Ge3f3] would have retrieved the kingside pawns maintaining the
stability at the same time.}) 39. Qxb6 c4 40. Qd8+ Be8 ({A sad necessity such
as} 40... Kh7 {allows} 41. Qh4 {with a very unpleasant pin. For instance} Re2+
42. Kg3 Re3+ 43. Kf4 Rf3+ 44. Kg5 Rh3 45. Qf2 {with a similar attack as in the
game.}) 41. Kg3 Kh7 ({As pointed out by Carlsen} 41... g6 {fails to free Black
after} 42. Kf2 Re5 43. fxg6 Rf5+ 44. Kg3 Rf8 45. Qd6 {folowed by the king's
advance.}) 42. Qc7 Kg8 43. Qxc4+ Bf7 44. Qd4 Re8 45. c4 {White is winning
already and Carlsen will display the needed accuracy until the end.} Rf8 46. c5
Be8 47. Qd5+ Kh7 48. Qe6 (48. Qe4 $5 Bd7 49. f6+ Kg8 50. Qd5+ Rf7 51. fxg7 Kxg7
52. c6 Bc8 (52... Bf5 53. c7 $18) 53. Qg5+ Kh7 54. Qd8 Be6 55. c7 $18) 48...
Bb5 49. c6 Bxc6 (49... Ba6 50. c7 (50. Kxg4 Bc8 51. Qe5 $18 {Carlsen}) 50...
Bc8 51. Qg6+ Kg8 52. Kxg4 Rf7 53. Kg5 Rxc7 54. Qe8+ Kh7 55. f6 gxf6+ (55...
Rc5+ 56. Kh4 $18) 56. Kxf6 $18 {Carlsen.  Black loses one of his pieces soon.})
50. Qg6+ Kg8 51. Qxc6 Rf6 52. Qe8+ Kh7 53. Kxg4 {With pawns on f7 and g5 the
game would be drawn, but the way it is White has a simple winning plan, known
since the earliest endgame books.} Rh6 54. Kf4 Rf6 55. Ke5 Rh6 56. Qe6 1-0

[Event "FIDE World Cup"]
[Site "Tbilisi"]
[Date "2017.09.09"]
[Round "3.1"]
[White "Aronian, Levon"]
[Black "Matlakov, Maxim"]
[Result "1-0"]
[WhiteElo "2799"]
[BlackElo "2728"]
[Annotator "Mekhitarian,K"]
[PlyCount "79"]
[EventDate "2017.09.03"]
[EventType "k.o."]
[EventRounds "7"]
[EventCountry "GEO"]
[SourceTitle "CBM 181"]
[Source "ChessBase"]
[SourceDate "2017.11.10"]
[SourceVersion "1"]
[SourceVersionDate "2017.11.10"]
[SourceQuality "1"]

1. c4 e5 2. Nc3 Nf6 3. Nf3 Nc6 4. e3 Bb4 5. Qc2 Bxc3 (5... O-O {not taking the
knight right away gives White a very good option with} 6. Nd5 $1 Re8 7. Qf5 $5
d6 8. Nxf6+ Qxf6 (8... gxf6 {keeping a tense position is very risky for Black:}
9. Qh5 e4 10. a3 $1 (10. Nd4 $6 Nxd4 11. exd4 c6 12. a3 Ba5 13. b4 Bc7 14. d5
$13 {1/2-1/2 (23) Strikovic,A (2502)-Grigoryan,K (2568) Ruma 2017}) 10... exf3
{looks dangerous, but has to be played} (10... Bc5 $2 11. b4 Bb6 12. Bb2 $1 $18
) 11. gxf3 $44 {looks dangerous}) 9. Qxf6 gxf6 10. a3 Bc5 11. b4 Bb6 12. Bb2
$14 {1-0 (34) Grischuk,A (2785)-Giri,A (2737) Elancourt 2013 with a very
pleasant endgame for White.}) 6. bxc3 $5 {A rare continuation, going into an
interesting and unbalanced position.} (6. Qxc3 {is the most common reply} Qe7 {
Black prepares ...d5, trying to play an Open Sicilian with a good initiative,
since White lost many tempi with his queen:} 7. Be2 (7. d4 $5 Ne4 (7... d6 8.
d5 {should be normally more pleasant for White} Nb8 9. Nd2 O-O 10. Be2 $14 {
followed by 0-0 and b3, Bb2, potentially thinking about an expansion with e4
and f4 later}) 8. Qd3 exd4 9. Nxd4 O-O 10. Be2 Nxd4 11. Qxd4 Qb4+ 12. Kf1 Qe7
13. f3 Nc5 14. h4 $13 {½-½ (51) Mekhitarian,K (2561)-El Debs,F (2523) Rio de
Janeiro 2017, with an interesting position.}) (7. a3 d5 8. d4 exd4 9. Nxd4 Nxd4
10. Qxd4 O-O 11. b4 dxc4 12. Bxc4 $6 (12. Qxc4 {the unnatural Qxc4 was
mandatory to avoid a worse position}) 12... Rd8 13. Qf4 a5 $1 $36 14. Rb1 $2
axb4 15. axb4 b5 $1 16. Bxb5 Nd5 17. Qd4 c5 18. bxc5 Nc7 19. Qc3 Qe4 $19 {
0-1 (63) Shtembuliak,E (2478)-Volokitin,A (2649) Rivne 2016}) 7... d5 8. cxd5
Nxd5 9. Qb3 Nb6 10. d3 O-O 11. O-O Rd8 12. Bd2 Bf5 13. Rfd1 Rd7 14. Be1 Rad8
$11 {0-1 (35) Ahlander,B (2442)-Vachier Lagrave,M (2742) Rhodes 2013}) 6... O-O
7. d3 (7. e4 d6 8. g3 {is another way to develop the f1-bishop} Ne7 9. Bg2 Ng6
10. O-O Re8 11. Rb1 h6 12. d3 c6 13. Re1 b6 14. a4 Bd7 15. Nd2 Be6 16. d4 {
taking the initiative in the centre} (16. Nf1 {would be an ideal plan, but
Black is already in time to push} d5 $1 $11) 16... Rc8 17. a5 $5 bxa5 18. Ba3
c5 19. dxc5 dxc5 20. Red1 Qc7 21. Nf1 $1 {a typical plan in this structure -
White has isolated and doubled pawns, but there is a nice d5-square available
as well} Nd7 $6 (21... Bxc4 {was the most challenging} 22. Ne3 Ba6 23. c4 $44 {
followed by Nd5}) 22. Ne3 Nb6 23. Nd5 Qc6 24. Bf1 $16 {1-0 (34) Eljanov,P 
(2718)-Bruzon Batista,L (2677) Havana 2015, despite being a pawn down, White
has tremendous pressure with the d5-knight.}) 7... d6 8. Be2 Re8 9. e4 Ne7 10.
Nh4 Ng6 (10... Nc6 $5 {was totally counter-intuitive, but interesting - ...
Nxe4 is a threat, and Black has ...Bh3 against g3:} 11. g3 (11. Nf5 Bxf5 12.
exf5 d5 $11 {is very consistent for Black}) (11. Nf3 Ne7 {followed by ...Ng6,
avoiding Nh4}) 11... Bh3 $13) 11. Nxg6 hxg6 12. O-O c6 13. f4 $36 {These
English Opening setups normally are very flexible, specially beause of the
bishop pair, and the potential to open up the position.} b5 $5 {Opening lines
on the queenside is smart, since White's structure there is not so stable.} (
13... exf4 $5 14. Bxf4 d5 {was also playable} 15. cxd5 cxd5 16. e5 Qb6+ 17. Kh1
(17. d4 Bf5 18. Qb3 Ne4 $13 {with ...Rac8 or ...Rec8 to come, hitting c3})
17... Nh5 $11 {getting back one of the bishops since the e5-pawn is hanging.})
14. cxb5 cxb5 15. h3 Qb6+ 16. Kh2 Be6 (16... Bd7 $5 {having in mind what
happened in the game, this could have been a better approach.}) 17. a4 a6 (
17... b4 $5 {was playable, opening the c-file for counterplay} 18. cxb4 Qxb4
19. Ba3 Qd4 $13) 18. Qb2 Nd7 19. Rb1 Rab8 (19... Qc7 $1 {keeping an eye on c3
and threatening bxa4} 20. f5 (20. axb5 axb5 {doesn't change much}) 20... gxf5
21. exf5 Bd5 {is perfectly fine for Black} 22. axb5 axb5 {now the a8-rook
comes into play instantly} 23. Qxb5 $2 Rab8 $1 24. Qxd5 Rxb1 $19) 20. axb5 axb5
21. Rf3 f6 $6 (21... Qc7 $1 22. f5 gxf5 23. exf5 e4 $3 {a very nice pawn
sacrifice, giving room for the d7-knight and the e8-rook} 24. dxe4 (24. fxe6
exf3 25. exf7+ Kxf7 26. Bxf3 Nf6 $13) 24... Bc4 $44 {with nice counterplay
against the e4-pawn, ...Nf6 is coming next.}) 22. f5 $1 gxf5 23. exf5 Bd5 $6 (
23... e4 $1 {was the best chance} 24. dxe4 Bc4 $132 {keeping counterplay on
the e4-pawn. And whenever the bishops come off, the king on g8 feels safer.})
24. Rg3 $16 {Now White starts to obtain a strong initiative.} Re7 25. Bh5 $5 {
This bishop restricts the king on g8 and keeps some Bg6 ideas alive for a
direct attack.} (25. Qd2 $1 {threatening Rb4-Rh4-Qh6!, and also c4 right away
- it is very hard to defend.} e4 26. dxe4 $18 {already wins a healthy pawn on
b5}) 25... e4 {I don't like to give the f4-square for White's bishop.} 26. d4 {
Making the d7-knight look very bad.} Bc4 27. Bf4 Ra8 28. Ra1 $1 Rd8 (28... Rxa1
{looked more logical, but it is hard to defend the invasions through the
a-file as well} 29. Qxa1 Qc6 {stopping Qa8+.} 30. Qa3 $16 {[%csl Rd6]}) 29. Ra3
Nf8 30. Qa1 Bf7 $2 (30... Qb7 {avoiding Ra6 for now.} 31. Ra6 $6 b4 $1 $132)
31. Ra6 $1 $18 Qc7 32. Be2 $1 {[%csl Rb5] Suddenly Black's position falls
apart - Bxb5 and Qa3 are very strong threats.} Bc4 33. Bxc4+ Qxc4 (33... bxc4
34. Qa3 $18 {[%csl Rd6]}) 34. Rxd6 {Now it's over - with an extra pawn and
attacking possibilities, White wins quickly, not to mention the very passive
knight on f8.} Nd7 35. Qa7 Kf7 36. Qb7 Ke8 37. Re6 Rxe6 38. fxe6 Qxe6 39. Rxg7
e3 40. Qf3 $1 {The beginning of a very tense match between Aronian and
Matlakov, that was decided in the last blitz game before Armageddon!} 1-0

[Event "URS-ch47 First League"]
[Site "Frunze"]
[Date "1979.10.??"]
[Round "5"]
[White "Lerner, Konstantin Z"]
[Black "Makarichev, Sergey"]
[Result "1-0"]
[WhiteElo "2475"]
[BlackElo "2500"]
[Annotator "Moiseev,V"]
[PlyCount "49"]
[EventDate "1979.10.??"]
[EventType "tourn"]
[EventRounds "17"]
[EventCountry "URS"]
[EventCategory "9"]
[SourceTitle "MCL"]
[Source "ChessBase"]
[SourceDate "1999.07.01"]
[SourceVersion "1"]
[SourceVersionDate "1999.07.01"]
[SourceQuality "1"]

1. c4 Nf6 2. Nc3 e5 3. Nf3 Nc6 4. e3 Bb4 (4... Be7) 5. Qc2 Bxc3 (5... O-O) 6.
Qxc3 Qe7 7. a3 d5 (7... a5) 8. cxd5 Nxd5 9. Qb3 (9. Qc2 e4 $1 10. Bb5 exf3 11.
Bxc6+ bxc6 12. Qxc6+ Qd7 13. Qxa8 fxg2 $44 {Bagirov/}) 9... Nb6 10. d3 a5 $1 (
10... O-O 11. Qc2 $1 a5 12. b3) 11. Bd2 a4 12. Qc2 (12. Qb5 $1 Bd7 13. Rc1 f6 (
13... Nd4 $2 14. Qc5 Nxf3+ 15. gxf3 $16 {Hjartarson/}) 14. Qc5 Qxc5 15. Rxc5
O-O-O $1 $10 {Xu Jun-Hjartarson,J/Luzern/1993/1/2-1/2/59/}) 12... O-O $15 13.
Rc1 $6 (13. Be2 $142 Bf5 14. O-O e4 15. dxe4 Bxe4 16. Qc1) 13... Rd8 $1 14. Be2
(14. Qc5 $6 Qe8 15. Be2 Bf5 16. d4 $2 Rd5 $19) 14... Bf5 15. O-O $6 (15. e4
$142 Bg4 16. Be3 Qd7 17. Rd1 $15) 15... e4 16. dxe4 Bxe4 $17 17. Qc3 Rd5 18.
Rfe1 Raa5 $1 {/\ 19...Rac5} 19. b4 $8 axb3 20. Nd4 Rxa3 21. f3 Bg6 $2 (21...
Bc2 $1 22. Nxc2 Na4 $1 23. Qc4 Rxd2 24. Nxa3 Qxa3 $19 {Makarichev/}) 22. Nxc6
bxc6 23. e4 Rd8 24. Rcd1 $1 $44 Qe6 $4 (24... Ra2) (24... f6) 25. Bh6 $1 1-0